000 00626nam 22001813 4500
001 201467
090 _a201467
100 _a20260323d u||y0pory50 ba
200 _aA vida do sinal
_eensaio sobre a língua e outros símbolos
_fAntonino Pagliaro
_gtradução e prefácio de Aníbal Pinto de Castro
205 _a
210 _aLisboa
_cFundação Calouste Gulbenkian
_d1983
215 _a360 p.
_cbrochado
_d18 cm
606 _911269
_aQuestões gerais em linguística e literatura. Filologia
675 _a80
_vPT
_zpor
700 _911357
_aPagliaro
_bAntonino
801 _aPT
_bBMMN
_gRPC
830 _cFernando
_fFernando
990 _cLIVROS